|
|
|
|
| LEADER |
00748nab a2200205 i 4500 |
| 001 |
acta3939 |
| 005 |
20260511134250.0 |
| 008 |
161015s1971 hu o 000 ger d |
| 022 |
|
|
|a 0567-7246
|
| 040 |
|
|
|a SZTE Egyetemi Kiadványok Repozitórium
|b hun
|
| 041 |
|
|
|a ger
|
| 100 |
1 |
|
|a Girić Milorad
|
| 245 |
1 |
0 |
|a Mokrin-Ausgrabungen im Jahre 1969
|h [elektronikus dokumentum] /
|c Girić Milorad
|
| 260 |
|
|
|c 1971
|
| 300 |
|
|
|a 45-47
|
| 490 |
0 |
|
|a Acta Universitatis de Attila József nominatae : acta antiqua et archaeologica
|v 14
|
| 650 |
|
4 |
|a Bölcsészettudományok
|
| 650 |
|
4 |
|a Történettudomány és régészet
|
| 695 |
|
|
|a Régészet - leletek - Szerbia - 1969
|
| 856 |
4 |
0 |
|u http://acta.bibl.u-szeged.hu/3939/1/antiqua_014_045-047.pdf
|z Dokumentum-elérés
|